000 00484nam a2200157Ia 4500
008 160316s2000 xxu||||| |||| 00| 0 eng d
082 _a331.095400
_bRAT
100 _aRatnam G S Venkata
245 _aGlobalization and labour-management relations : Dynamics of change
250 _a
260 _aNew Delhi
_bResponse Books
_c2000
300 _a342p
_b
_c
365 _b Gratis
650 _a1. Industrial Relations - India 2. Globalization 3. Economic Policy - 1991
700 _a
_a
999 _c27951
_d27951